| 000 | 00684nam a2200217 4500 | ||
|---|---|---|---|
| 003 | OSt | ||
| 005 | 20150408145319.0 | ||
| 008 | 150408b xxu||||| |||| 00| 0 eng d | ||
| 020 | _a185339212 | ||
| 040 | _c040a | ||
| 082 |
_a363.5 _bSPE 1993 |
||
| 100 |
_aSpence, Robin _93559 |
||
| 245 |
_aJobs from housing : _bemployment, building materials, and enabling strategies for urban development / _cRobin Spence, Jill Wells and Eric Dudley |
||
| 260 |
_aCambrigde _bIT Publications _c1993 |
||
| 300 |
_avii, 104 p; _bill : _c18 cm. |
||
| 504 | _aincludes index | ||
| 650 |
_ajobs from housing _93560 |
||
| 700 |
_aWell, Jill _93561 |
||
| 700 |
_aDudley, Eric _93562 |
||
| 942 |
_2ddc _cSLOAN |
||
| 999 |
_c1341 _d1341 |
||